[Event "GER CM02-A email"]
[Site "GER email"]
[Date "2015.06.25"]
[Round "?"]
[White "Nepustil, Frantisek"]
[Black "Jankowiak, Andreas"]
[Result "1/2-1/2"]
[WhiteElo "2372"]
[BlackElo "2270"]
[PlyCount "55"]
[EventDate "2015.??.??"]
[EventType "tourn (corr)"]
[EventRounds "11"]
[EventCountry "GER"]
[SourceTitle "Corr 2017"]
[Source "ChessBase"]
[SourceDate "2017.09.19"]
[SourceVersion "1"]
[SourceVersionDate "2017.09.19"]
[SourceQuality "1"]

1. e4 c5 2. Nf3 Nc6 3. d4 cxd4 4. Nxd4 Nf6 5. Nc3 e5 6. Ndb5 d6 7. Bg5 a6 8. Na3 b5 9. Nd5 Be7 10. Bxf6 Bxf6 11. c3 0-0 12. Nc2 Bg5 13. h4 Bh6 14. a4 bxa4 15. Nce3 Be6 16. Rxa4 Bxe3 17. Nxe3 Qb6 18. Bc4 Qxb2 19. 0-0 Qb8 20. Bxe6 fxe6 21. Nc4 Rd8 22. h5 a5 23. h6 g6 24. Qe2 Qc7 25. Rd1 Rd7 26. Qa2 Nd8 27. Nxa5 Kf8 28. c4 1/2-1/2

[Event "GER CM02-A email"]
[Site "GER email"]
[Date "2015.06.25"]
[Round "?"]
[White "Weber, Karlheinz"]
[Black "Nepustil, Frantisek"]
[Result "1/2-1/2"]
[WhiteElo "2355"]
[BlackElo "2372"]
[PlyCount "63"]
[EventDate "2015.??.??"]
[EventType "tourn (corr)"]
[EventRounds "11"]
[EventCountry "GER"]
[SourceTitle "Corr 2017"]
[Source "ChessBase"]
[SourceDate "2017.09.19"]
[SourceVersion "1"]
[SourceVersionDate "2017.09.19"]
[SourceQuality "1"]

1. d4 Nf6 2. c4 g6 3. Nc3 Bg7 4. e4 d6 5. Nf3 0-0 6. Be2 e5 7. 0-0 Nc6 8. d5 Ne7 9. b4 Nh5 10. Re1 f5 11. Ng5 Nf6 12. f3 Kh8 13. Rb1 h6 14. Ne6 Bxe6 15. dxe6 fxe4 16. fxe4 Nc6 17. Nd5 Ng8 18. Bd3 Nd4 19. Qg4 g5 20. c5 c6 21. h4 Nf6 22. Nxf6 Qxf6 23. Be3 Qxe6 24. Qxe6 Nxe6 25. hxg5 Nxg5 26. b5 dxc5 27. bxc6 bxc6 28. Bxc5 Rf7 29. Rbc1 Rd8 30. Bc4 Rc7 31. Bf2 Bf8 32. Bb3 1/2-1/2

[Event "SM-2014-0-00311"]
[Site "LSS email"]
[Date "2014.12.16"]
[Round "?"]
[White "Blauert, Joerg"]
[Black "Nepustil, Frantisek"]
[Result "0-1"]
[WhiteElo "2332"]
[BlackElo "2304"]
[PlyCount "42"]
[EventDate "2014.11.05"]
[EventType "tourn (corr)"]
[EventRounds "6"]
[EventCountry "GER"]
[SourceTitle "Corr 2022"]
[Source "ChessBase"]
[SourceDate "2021.10.24"]
[SourceVersion "1"]
[SourceVersionDate "2021.10.24"]
[SourceQuality "1"]

1. e4 c5 2. Nf3 Nc6 3. Bb5 g6 4. Bxc6 bxc6 5. 0-0 Bg7 6. d3 Nh6 7. Re1 0-0 8. c3 d6 9. d4 cxd4 10. cxd4 d5 11. e5 f6 12. e6 Qd6 13. Nc3 Bxe6 14. Bf4 Qd7 15. Na4 Bg4 16. Nc5 Qe8 17. Ne6 Bxe6 18. Rxe6 g5 19. Bd2 Qd7 20. Qe2 Nf5 21. Bc3 Rfc8 0-1

[Event "SM-2014-0-00311"]
[Site "LSS email"]
[Date "2014.12.15"]
[Round "?"]
[White "Nepustil, Frantisek"]
[Black "Alava Moreno, Fausto"]
[Result "1/2-1/2"]
[WhiteElo "2304"]
[BlackElo "2343"]
[PlyCount "39"]
[EventDate "2014.11.05"]
[EventType "tourn (corr)"]
[EventRounds "6"]
[EventCountry "GER"]
[SourceTitle "Corr 2022"]
[Source "ChessBase"]
[SourceDate "2021.10.24"]
[SourceVersion "1"]
[SourceVersionDate "2021.10.24"]
[SourceQuality "1"]

1. e4 e5 2. f4 exf4 3. Bc4 Nf6 4. Nc3 c6 5. d4 d5 6. exd5 cxd5 7. Bb5+ Nc6 8. Bxf4 Bd6 9. Nge2 Bxf4 10. Nxf4 0-0 11. 0-0 Qb6 12. Qd3 Rd8 13. Bxc6 bxc6 14. Na4 Qb4 15. b3 Re8 16. c3 Qd6 17. Nc5 Ne4 18. Nxe4 Rxe4 19. Rae1 Bf5 20. Qf3 1/2-1/2